000 00976nam a2200229 a 4500
001 44843
003 BD-RjUL
005 20211209053927.0
008 160720s1972 bg ||||| |||| 00| 0 ben d
020 _c: Tk. 8.00
035 _a(BD-RjUL)44961
040 _aBD-RjUL
_beng
_cBD-RjUL
041 _aeng
082 _223
_a891.4409
_bMUN 1972
245 0 0 _aমুনীর চৌধুরী মোফাজ্জল হায়দার চৌধুরী আনোয়ার পাশা /
_cআকরম হোসেন
260 _aবাংলাদেশ :
_bঢাকা বিশ্ববিদ্যালয়,
_c১৯৭২
300 _a১৪০ পৃ. ;
_c২০ সেমি.
650 _aবাংলা সাহিত্য
_vইতিহাস ও সমালোচনা
_9117445
650 _aBengali literature
_vHistory and criticism
_9137420
700 _aহোসেন, আকরম, সম্পাদক
_9137421
942 _2ddc
_cBK
_01
999 _c44843
_d44843